TESTE DE IMAGEM DA GALINHA PINTADINHA - Statistics

Estatísticas Gerais
  • Esse quiz foi jogado 19 vezes
  • A pontuação média é 6 de 10
Estatísticas das Respostas
Imagem Resposta % Correto
Galinha pintadinha
100%
Galo Carijó
87%
Borboletinha
80%
Mariana
73%
Pintinho Amarelinho
73%
Baratinha
60%
Sapo Cururu
60%
Pato
33%
Naftalinas
27%
As Galinhas
20%
Nenhum quiz correspondente encontrado
Distribuição das Pontuações
Porcentagem de Pessoas com Cada Pontuação
Percentil de Números Respondidos
Sua Pontuação Histórica
Você não jogou esse quiz